<?xml version="1.0" encoding="UTF-8"?>
<record
    xmlns:xsi="http://www.w3.org/2001/XMLSchema-instance"
    xsi:schemaLocation="http://www.loc.gov/MARC21/slim http://www.loc.gov/standards/marcxml/schema/MARC21slim.xsd"
    xmlns="http://www.loc.gov/MARC21/slim">

  <leader>01720nam a2200205Ia 4500</leader>
  <controlfield tag="001">b6608-47460 </controlfield>
  <controlfield tag="003">IT-MiCISF</controlfield>
  <controlfield tag="008">161014s9999||||xx |||||||||||||| ||und||</controlfield>
  <datafield tag="040" ind1=" " ind2=" ">
    <subfield code="a">IT-MiCISF</subfield>
    <subfield code="c">IT-MiCISF</subfield>
  </datafield>
  <datafield tag="041" ind1=" " ind2=" ">
    <subfield code="a">it</subfield>
  </datafield>
  <datafield tag="100" ind1=" " ind2=" ">
    <subfield code="a">Gilardi Roberto</subfield>
  </datafield>
  <datafield tag="245" ind1=" " ind2="0">
    <subfield code="a">Genitori in regola</subfield>
    <subfield code="b">Regole, disciplina e responsabilit&#xE0;</subfield>
  </datafield>
  <datafield tag="250" ind1=" " ind2=" ">
    <subfield code="a">1a ed.</subfield>
  </datafield>
  <datafield tag="260" ind1=" " ind2=" ">
    <subfield code="a"> Molfetta (BA)</subfield>
    <subfield code="b">La Meridiana</subfield>
    <subfield code="c">2008</subfield>
  </datafield>
  <datafield tag="300" ind1=" " ind2=" ">
    <subfield code="a">pp. 166</subfield>
  </datafield>
  <datafield tag="500" ind1=" " ind2=" ">
    <subfield code="a"> / genitorialit&#xE0;, autorit&#xE0;, educazione-genitori, progetto / I genitori non hanno pi&#xF9; potere come una volta. Anzi, il potere sembra essersi ribaltato nelle mani dei figli: sono loro che decidono quando, come e cosa. La famiglia oggi, infatti, viene definita "affettiva" e non pi&#xF9; "normativa". Ed &#xE8; per questa ragione che, in un contesto mutato, riemerge il bisogno di stabilire come nascono e si condividono le regole. Certo, perch&#xE9; senza regole non &#xE8; convivenza. Dalla famiglia alla scuola, a tutti gli ambiti sociali sino alle istituzioni pubbliche, la condivisione delle regole costituisce un mezzo necessario per organizzare efficacemente la convivenza. E se &#xE8; vero che buone regole non possono essere imposte, altrettanto vero &#xE8; che &#xE8; troppo semplicistico ridurre tutto all'ascolto dei figli. Questo volume prende per mano i genitori che vogliono riscoprire l'importanza educativa delle regole per la crescita dei loro figli, e come una guida introduce al territorio vasto delle regole, descrivendo atteggiamenti, stili e scelte che possono aiutare o al contrario ostacolare la condivisione efficace della regolazione della vita in una famiglia. </subfield>
  </datafield>
  <datafield tag="650" ind1=" " ind2=" ">
    <subfield code="a"> Genitorialit&#xE0; e problemi educativi / genitorialit&#xE0;</subfield>
    <subfield code="e">004</subfield>
  </datafield>
  <datafield tag="942" ind1=" " ind2=" ">
    <subfield code="c">BK</subfield>
  </datafield>
  <datafield tag="957" ind1=" " ind2=" ">
    <subfield code="7">1</subfield>
  </datafield>
  <datafield tag="999" ind1=" " ind2=" ">
    <subfield code="a">47460</subfield>
    <subfield code="b">si</subfield>
    <subfield code="g">1</subfield>
    <subfield code="c">210419</subfield>
    <subfield code="d">210419</subfield>
  </datafield>
  <datafield tag="952" ind1=" " ind2=" ">
    <subfield code="0">0</subfield>
    <subfield code="1">0</subfield>
    <subfield code="4">0</subfield>
    <subfield code="6">B_660847460</subfield>
    <subfield code="7">1</subfield>
    <subfield code="a">CISF</subfield>
    <subfield code="b">CISF</subfield>
    <subfield code="d">2016-10-14</subfield>
    <subfield code="l">0</subfield>
    <subfield code="o">b6608-47460 </subfield>
    <subfield code="r">2016-10-14 00:00:00</subfield>
    <subfield code="w">2016-10-14</subfield>
    <subfield code="y">BK</subfield>
    <subfield code="z">Data import 15.10.2016 / by Epidotti, Vaglietti</subfield>
  </datafield>
</record>
